Регионална библиотека "Любен Каравелов" - Русе

Histoire contemporaine 1830-1872 (Запис номер 430794)

MARC детайли
000 -Лидер
Контролно поле с фиксирана дължина 01257nam a2200325 c 4500
003 - Код на организацията, давaща контролен номер
Контролно поле BLK
005 - Дата и час на последна редакция
Контролно поле 20211001150902.0
008 - Елементи от данни с фиксирана дължина
fixed length control field 180409b bul|||||r ||||||| ||bul||
010 ## - Наследен системен номер
LC control number KNG00119401000
040 ## - Източник на каталожния запис
Идентификатор на билиотеката - собственик на записа BLK
041 ## - Код за език
Код за езика на текст/звукозапис или на отделно заглавие Френски
Код за езика КДБФ Френски
080 ## - УДК
УДК код - определител по УДК 94/99
УДК определител (075.3)
УДК - код + определител 94/99(075.3)
100 ## - Редна дума - Автор
Автор Weber, Georges
Авторска отговорност първи автор
R(LIN) 435932
139 ## - Редно поле
Редна дума Weber, Georges
245 10 - Сведения за заглавието
Заглавие Histoire contemporaine 1830-1872
Редно поле (дума) Georges Weber
Том T. 2
257 ## - Страна на издаване
Страна на създаване/издаване Франция
260 ## - Област на издателските данни
Име на издателя, разпространителя и проч. A. Lacroix et C
Година на издаване 1875
9 (RLIN) 435934
Място на издаване, разпространение и проч. Paris
300 ## - Физическа характеристика
Страници 316 p.
Размери/Мащаб 18 cm
380 ## - Жанр
Жанр История
490 ## - СЕРИИ (Колекции)
9 (RLIN) 435080
Име на серия Колекция Редки и ценни издания
650 #4 - Допълнително описание по предмет – тема
Основно описание – тема или топоним История, нова - учебници за средни училища - на френски език
9 (RLIN) 313112
653 ## - Ключова дума – ненормативна
Ключова дума нова история
653 ## - Ключова дума – ненормативна
Ключова дума френски език
852 ## - Местоположение
Форматна сигнатура Рф 875
999 ## - СИСТЕМНИ КОНТРОЛНИ НОМЕРА
Koha biblionumber 430794
Koha biblioitemnumber 430794
942 ## - АРТИКУЛИ
Вид на библиотечния материал Книги
Скрит в OPAC Не
Периодичен библиозапис Да
944 ## - СЪЗДАВАНЕ И РЕДАКЦИЯ на ЗАПИСА
Създаване/Редакция Създаване
Дата на регистрацията/редакция 2021-09-01
Служител, извършил регистрацията/редакцията BT
944 ## - СЪЗДАВАНЕ И РЕДАКЦИЯ на ЗАПИСА
Създаване/Редакция Редакция
Дата на регистрацията/редакция 07.10.2010
Статус, дата на статуса ф /
999 ## - СИСТЕМНИ КОНТРОЛНИ НОМЕРА
Koha biblioitemnumber 430794
999 ## - СИСТЕМНИ КОНТРОЛНИ НОМЕРА
Koha biblioitemnumber 113980
Наличности
Код за отписване Код за изгубен артикул Източник на класификационната схема Код за повреда Коз за рестрикции Код за отдаване Артикулен № Име на библиотеката - собственик Име на библиотеката, в която се намира в момента Статус (Текущо местоположение) Дата на вписване в системата Местоположение - отдел Цена в лева Инвентарен номер Систематично азбучна сигнатура Баркод Цена в евро Служебен тип на артикула
  Не е изгубен Universal Decimal Classification Не е повреден само за читалня Специални фондове ( старопечатни, редки и ценни, фонд М. Арнаудов) 854515 Регионална библиотека "Любен Каравелов" Русе Регионална библиотека "Любен Каравелов" Русе Редки и ценни 2021-09-23 Редки и ценни 0.00 9970 Рф 875 900000076791 0.00 Книги
Vip Innovations Ltd, Rousse, Bulgaria 2025